The Report of the National Electoral commission on the 2015 Presidental, Parliamentary and Councillors (Record no. 6192)

MARC details
005 - DATE AND TIME OF LATEST TRANSACTION
control field 20250628200626.0
020 ## - INTERNATIONAL STANDARD BOOK NUMBER
International Standard Book Number 978-9976- 9957-1-8
100 ## - MAIN ENTRY--PERSONAL NAME
Author name National Electoral Commission
245 ## - TITLE STATEMENT
Title The Report of the National Electoral commission on the 2015 Presidental, Parliamentary and Councillors
260 ## - PUBLICATION, DISTRIBUTION, ETC.
Place of publication, distribution, etc. Dar es salaam
Name of publisher, distributor, etc. Government
Date of publication, distribution, etc. 2016
300 ## - PHYSICAL DESCRIPTION
Extent xxiii, 140p.: ill; Figure, Map
Dimensions 23cm
942 ## - ADDED ENTRY ELEMENTS (KOHA)
Source of classification or shelving scheme Dewey Decimal Classification
Koha item type Books
Holdings
Date last seen Total checkouts Full call number Barcode Cost, replacement price Price effective from Koha item type Lost status Source of classification or shelving scheme Damaged status Not for loan Withdrawn status Home library Current library Shelving location Date acquired Source of acquisition Cost, normal purchase price
12/19/2025   425.NEC MBY0001037 90000.00 06/28/2025 Books   Dewey Decimal Classification       CBE MBEYA CBE MBEYA General Collection 06/28/2025 Purchase 30000.00